| 000 | 01223cam a22002654a 4500 | ||
|---|---|---|---|
| 001 | 12417073 | ||
| 005 | 20221206132224.0 | ||
| 008 | 010522s1999 cau 000 0 eng | ||
| 010 | _a 2001003028 | ||
| 020 | _a1577311957 (alk. paper) | ||
| 040 |
_aDLC _cDLC _dDLC |
||
| 042 | _apcc | ||
| 050 | 0 | 0 |
_aBL624 _b.T645 1999 |
| 082 | 0 | 0 |
_a204.4,TOL _221 |
| 100 | 1 |
_aTolle, Eckhart, _d1948- _911089 |
|
| 245 | 1 | 0 |
_aPracticing the power of now : _bessential teachings, meditations, and exercises from The power of now / _cEckhart Tolle. |
| 260 |
_aNovato, Calif. : _bNew World Library ; _a[Berkly, CA] : _bDistributed to the trade by Publishers Group West, _cc1999 _g(2001 printing). |
||
| 300 |
_a142 p. ; _c19 cm. |
||
| 505 | 0 | _aIntroduction by Eckhart Toll (Page-1), Part One: Accessing the power of now (Page-7), Part II: Relationship as Spritual Practice (Page-65), Part III: Acceptance and Surrender (Page-95), | |
| 650 | 0 | _aSpiritual life. | |
| 700 | 1 |
_aTolle, Eckhart, _d1948- _tPower of now. _9104252 |
|
| 906 |
_a7 _bcbc _corignew _d1 _eecip _f20 _gy-gencatlg |
||
| 942 |
_2ddc _cBK _k204.4,TOL |
||
| 999 |
_c592608 _d592608 |
||